[Event "Montigny le Bretonneux op 25th"]
[Site "Montigny le Bretonneux"]
[Date "2023.05.21"]
[Round "8"]
[White "Orfila, Hugo"]
[Black "Orfila, Aylin"]
[Result "1-0"]
[WhiteElo "1009"]
[BlackElo "1099"]
[PlyCount "47"]
[EventDate "2023.05.18"]
[EventType "swiss"]
[EventRounds "9"]
[EventCountry "FRA"]
[SourceTitle "CBM 214 Extra"]
[Source "ChessBase"]
[SourceDate "2023.07.31"]
[SourceVersion "1"]
[SourceVersionDate "2023.07.31"]
[SourceQuality "1"]

1. e4 e5 2. Nf3 Nc6 3. Nc3 Nf6 4. Bb5 Bc5 5. d3 d6 6. Bg5 0-0 7. Nd5 Bb4+ 8. c3 Nd4 9. Nxf6+ gxf6 10. Bh4 Bg4 11. h3 Bxf3 12. gxf3 Nc6 13. Bxc6 Bc5 14. Bxb7 Rb8 15. b4 Bb6 16. Rg1+ Kh8 17. Qd2 Rg8 18. Rxg8+ Kxg8 19. Bd5 Qd7 20. Qh6 Qxh3 21. Qxf6 Qh1+ 22. Ke2 Qxa1 23. Qxf7+ Kh8 24. Bf6# 1-0

[Event "Montigny le Bretonneux op 25th"]
[Site "Montigny le Bretonneux"]
[Date "2023.05.20"]
[Round "4"]
[White "Robic, Raphael"]
[Black "Orfila, Hugo"]
[Result "1-0"]
[WhiteElo "1099"]
[BlackElo "1009"]
[PlyCount "51"]
[EventDate "2023.05.18"]
[EventType "swiss"]
[EventRounds "9"]
[EventCountry "FRA"]
[SourceTitle "CBM 214 Extra"]
[Source "ChessBase"]
[SourceDate "2023.07.31"]
[SourceVersion "1"]
[SourceVersionDate "2023.07.31"]
[SourceQuality "1"]

1. e4 e5 2. Nc3 Nf6 3. Bc4 Nc6 4. d3 Bc5 5. f4 Nd4 6. Nf3 Nxf3+ 7. gxf3 c6 8. fxe5 Nh5 9. f4 d5 10. Qxh5 dxc4 11. dxc4 b5 12. cxb5 cxb5 13. Bd2 Qd4 14. Rf1 0-0 15. f5 b4 16. Nb5 Qxb2 17. Rd1 Qxa2 18. Qg4 g6 19. Bh6 Re8 20. Qg2 Rxe5 21. fxg6 hxg6 22. Qg3 Qxc2 23. Qxe5 Bf8 24. Bxf8 Kxf8 25. Qf4 Ba6 26. Qxf7# 1-0

[Event "Montigny le Bretonneux op 25th"]
[Site "Montigny le Bretonneux"]
[Date "2023.05.18"]
[Round "3"]
[White "Orfila, Hugo"]
[Black "Garabedian, Christophe"]
[Result "0-1"]
[WhiteElo "1009"]
[BlackElo "1199"]
[PlyCount "98"]
[EventDate "2023.05.18"]
[EventType "swiss"]
[EventRounds "9"]
[EventCountry "FRA"]
[SourceTitle "CBM 214 Extra"]
[Source "ChessBase"]
[SourceDate "2023.07.31"]
[SourceVersion "1"]
[SourceVersionDate "2023.07.31"]
[SourceQuality "1"]

1. e4 Nf6 2. Nc3 g6 3. Nf3 Bg7 4. Bc4 0-0 5. 0-0 d6 6. Nd5 c6 7. Nxf6+ Bxf6 8. d3 e5 9. Be3 c5 10. Qd2 Nc6 11. Ng5 Ne7 12. Bb3 Qd7 13. Qe2 d5 14. Qf3 Qd6 15. Qh3 Bxh3 16. Nxh3 dxe4 17. dxe4 Rac8 18. Rad1 Qc6 19. Bd5 Nxd5 20. exd5 Qd6 21. f4 e4 22. f5 Bxb2 23. fxg6 fxg6 24. Rb1 Rxf1+ 25. Kxf1 Bd4 26. Bxd4 cxd4 27. Ng5 Qxh2 28. Nxe4 Qh1+ 29. Ke2 Qxb1 30. d6 Re8 31. d7 Qb5+ 32. Kf3 Rd8 33. Nf6+ Kg7 34. Ne8+ Kf8 35. Nd6 Qd5+ 36. Kf2 Qxd6 37. a4 Qxd7 38. c4 Re8 39. a5 Qf7+ 40. Kg1 d3 41. a6 bxa6 42. c5 d2 43. c6 Rc8 44. Kh2 Rxc6 45. Kg3 Qf1 46. Kh3 d1R 47. Kh4 Qh1+ 48. Kg4 Rc4+ 49. Kg5 Qh4# 0-1